| 000 | 00922nam a2200217Ia 4500 | ||
|---|---|---|---|
| 001 | 15263 | ||
| 003 | GE_BSU | ||
| 008 | 181216s||||||||xx |||||||||||||| ||und|| | ||
| 040 | _cGE_BSU | ||
| 080 | _a821.353.1-32+821.353.1-13 | ||
| 245 | _aჩვენი საუნჯე:ქართული მწერლობა ოც ტომად. ტ.3: შოთა რუსთაველი: ვეფხისტყაოსანი | ||
| 245 | _cსარედ. კოლ.ალ.ბარამიძე. კ. კეკელიძე, ა. შანიძე მხატვ.ლ.გრიგოლია | ||
| 260 | _aთბილისი | ||
| 260 | _bნაკადული | ||
| 260 | _c1960 | ||
| 300 | _a332გვ.23სმ. | ||
| 653 | _aვეფხისტყაოსანი | ||
| 653 | _aშოთა რუსთაველი | ||
| 653 | _aჩვენი საუნჯე | ||
| 942 | _cBK | ||
| 999 |
_c48375 _d48375 |
||